2023 MLB Pitching Statistical Leaders - Statistics

General Stats
  • This quiz has been taken 101 times
  • The average score is 18 of 36
Answer Stats
Players % Correct
Spencer Strider
94%
Gerrit Cole
92%
Blake Snell
77%
Kevin Gausman
71%
Justin Verlander
69%
Emmanel Clase
68%
Framber Valdez
65%
Zac Gallen
65%
Justin Steele
63%
Pablo Lopez
60%
Alexis Díaz
58%
Zach Wheeler
58%
Luis Castillo
57%
Sonny Gray
57%
Josh Hader
55%
Devin Williams
49%
Felix Bautista
48%
Logan Webb
48%
Dylan Cease
45%
Charlie Morton
43%
George Kirby
40%
Kodai Senga
40%
Camilo Doval
37%
David Bednar
37%
Jordan Romano
37%
Jordon Montgomery
37%
Raisel Iglesias
37%
Zach Eflin
35%
Chris Bassitt
34%
Kyle Bradish
32%
Kyle Gibson
32%
Freddy Peralta
29%
Paul Sewald
25%
Mitch Keller
23%
Michael Wacha
18%
Taijuan Walker
17%
No matching quizzes found
Score Distribution
Percent of People with Each Score
Percentile by Number Answered
Your Score History
You have not taken this quiz